Fomento para micro, pequeña y mediana empresa (MIPYME) (Registro nro. 3631)
[ vista simple ]
| 000 -LEADER | |
|---|---|
| fixed length control field | 01172 a2200217 4500 |
| 001 - CONTROL NUMBER | |
| control field | 42636 |
| 005 - DATE AND TIME OF LATEST TRANSACTION | |
| control field | 20260407155714.0 |
| 008 - FIXED-LENGTH DATA ELEMENTS--GENERAL INFORMATION | |
| fixed length control field | 260407a2017 arg spa d |
| 003 - CONTROL NUMBER IDENTIFIER | |
| control field | AR-UNSa-BCEJYS |
| 040 ## - CATALOGING SOURCE | |
| Original cataloging agency | AR-UNSa-BCEJYS |
| Language of cataloging | spa |
| Transcribing agency | AR-UNSa-BCEJYS |
| 080 ## - UNIVERSAL DECIMAL CLASSIFICATION NUMBER | |
| Universal Decimal Classification number | 334.713 |
| Common auxiliary subdivision | Pequeña industria (Pymes) |
| 020 ## - INTERNATIONAL STANDARD BOOK NUMBER | |
| International Standard Book Number | 978-987-01-2063-6 |
| 041 ## - LANGUAGE CODE | |
| Language code of text/sound track or separate title | spa |
| 245 10 - TITLE STATEMENT | |
| Title | Fomento para micro, pequeña y mediana empresa (MIPYME) |
| Name of part/section of a work | aplicación de los beneficios de la Ley 27.264 |
| 264 #1 - PRODUCTION, PUBLICATION, DISTRIBUTION, MANUFACTURE, AND COPYRIGHT NOTICE | |
| Place of production, publication, distribution, manufacture | Buenos Aires : |
| Name of producer, publisher, distributor, manufacturer | Errepar |
| Date of production, publication, distribution, manufacture, or copyright notice | 2017 |
| 300 ## - PHYSICAL DESCRIPTION | |
| Extent | 110 p. |
| Dimensions | 21 cm. |
| 505 ## - FORMATTED CONTENTS NOTE | |
| Formatted contents note | 1. Los beneficios fiscales de la ley de fomento a las PYMES. Novedades a partir de su reglamentación / Sebastián M. Iglesias - 2. Reglamentación de beneficios para PYMES. Ley 27264 / Gabriel Larrabe y Santiago A. Sáenz Valiente - 3. Fomento a las inversiones en la ley PYME. Gestión de los beneficios impositivos / Sergio G. Dotti - 4. Programa de recuperación productiva / Horacio A. Yrigoyen - 5. REPRO. Trámite simplificado para PYMES - |
| 590 ## - LOCAL NOTE (RLIN) | |
| Local note | niveau_biblio:m niveau_hierar:0 |
| 856 41 - ELECTRONIC LOCATION AND ACCESS | |
| Uniform Resource Identifier | <a href="https://biblioeco.unsa.edu.ar/pmb/images/libros/E00064.jpg">https://biblioeco.unsa.edu.ar/pmb/images/libros/E00064.jpg</a> |
| Link text | Imagen de portada |
| Electronic format type | image/jpeg |
| 942 ## - ADDED ENTRY ELEMENTS (KOHA) | |
| Koha item type | |
| Withdrawn status | Lost status | Damaged status | Not for loan | Home library | Current library | Shelving location | Date acquired | Total checkouts | Full call number | Barcode | Date last seen | Price effective from | Koha item type |
|---|---|---|---|---|---|---|---|---|---|---|---|---|---|
| Biblioteca Prof. Eusebio Cleto del Rey | Biblioteca Prof. Eusebio Cleto del Rey | 07/04/2026 | E334.713 F672/ER | E00064 | 07/04/2026 | 07/04/2026 | Libro | ||||||
| Biblioteca Prof. Eusebio Cleto del Rey | Biblioteca Prof. Eusebio Cleto del Rey | 07/04/2026 | E334.713 F672/ER Ej.2 | E00065 | 07/04/2026 | 07/04/2026 | Libro |